Anaeróbne spracovanie vybraných agropotravinárskych materiálov
Saved in:
| Main Author: | |
|---|---|
| Format: | Book |
| Language: | Slovak |
| Published: |
Bratislava
STU FCHPT v Bratislave
2005
|
| Online Access: | View in OPAC |
| Tags: |
No Tags, Be the first to tag this record!
|
MARC
| LEADER | 00000nam a2200000 a 4500 | ||
|---|---|---|---|
| 005 | 20260127134139.0 | ||
| 008 | 060215 2005 xo 000 0 slo d | ||
| 035 | |a vtls008622899 | ||
| 039 | 9 | |y 200602151035 |z mschk03 | |
| 040 | |a STUSCHK1 |b slo |c STUSCHK1 |e AACR2 | ||
| 100 | 1 | |a Horňák, Marek |9 180 | |
| 245 | 1 | |a Anaeróbne spracovanie vybraných agropotravinárskych materiálov | |
| 260 | |a Bratislava |b STU FCHPT v Bratislave |c 2005 | ||
| 300 | |a 116 s. | ||
| 500 | |a Katedra environmentálneho inžinierstva | ||
| 500 | |a Obháj.: 21.6.2005 na STU FCHPT v Bratislave | ||
| 910 | |a SCHK95 | ||
| 999 | |c 5172 |d 5172 | ||